000 00385cam a22001097a 4500
008 180718b1967 xxu||||| |||| 00| 0 eng d
082 _aL2x481 N83
100 _aThe Royal Ministry Of Finance And Customs
245 _aSurvey of the Norwegian tax system in 1967
_cby The Royal Ministry Of Finance And Customs
260 _a
_bThe Royal Ministry Of Finance And Customs
_c1967
300 _a91p
999 _c416327
_d416327